00372nam a2200145Ia 450000500170000000800410001704000190005804100120007708200160008910000170010524500580012226000240018030000120020485000100021620230324110412.0131103s9999 xx 000 0 und d aLoreto College aEnglish a822.91bOSB aOsborne,John aTime present and the hotel in AmsterdamcJohn Osborne aLondonbFaberc1968 a143 p.  aLCLIB